Sociologie d'un syndicalisme catégoriel : La CFE-CGC ou la fin d'une exception ? (notice n° 2130009)

détails MARC
000 -LEADER
fixed length control field 01953cam a2200169 4500500
005 - DATE AND TIME OF LATEST TRANSACTION
control field 20260405022150.0
041 ## - LANGUAGE CODE
Language code of text/sound track or separate title fre
042 ## - AUTHENTICATION CODE
Authentication code dc
100 10 - MAIN ENTRY--PERSONAL NAME
Personal name Béthoux, Élodie
Relator term author
245 00 - TITLE STATEMENT
Title Sociologie d'un syndicalisme catégoriel : La CFE-CGC ou la fin d'une exception ?
260 ## - PUBLICATION, DISTRIBUTION, ETC.
Name of publisher, distributor, etc. Armand Colin,<br/>
Date of publication, distribution, etc. 2013.<br/>
520 ## - SUMMARY, ETC.
Summary, etc. Qui sont les cadres de la CFE-CGC, le syndicat des cadres et de l’encadrement ? Quels sont leurs parcours professionnels et militants ? Leurs motivations et les raisons qui les poussent à s’investir dans cette organisation dont la singularité longtemps revendiquée, et encore observable dans certains de ses principes et modes d’action, tendrait aujourd’hui à s’estomper ? Cet ouvrage de recherche rend compte de la diversité et de la complexité de la CFE-CGC et déconstruit les représentations courantes, et parfois simplificatrices, qui lui sont associées. Alors que les règles du jeu syndical français viennent d’être modifiées en profondeur, il dévoile une organisation en pleine interrogation sur sa stratégie et sur son identité catégorielle. À travers cette vaste enquête sur une organisation syndicale mal connue, car très peu étudiée, c’est donc plus largement ce qu’est le syndicalisme aujourd’hui en France qui se trouve interrogé : qui l’anime et s’y engage, qui il représente, quels sont ses fonctions, ses ressources et ses contraintes institutionnelles et pratiques. L’étude s’inscrit ainsi dans le renouveau actuel des travaux sur la sociographie des militants et prolonge ceux consacrés depuis plusieurs années aux transformations du salariat français, et du groupe cadres en particulier.
700 10 - ADDED ENTRY--PERSONAL NAME
Personal name Desage, Guillaume
Relator term author
700 10 - ADDED ENTRY--PERSONAL NAME
Personal name Mias, Arnaud
Relator term author
700 10 - ADDED ENTRY--PERSONAL NAME
Personal name Pélisse, Jérôme
Relator term author
856 41 - ELECTRONIC LOCATION AND ACCESS
Uniform Resource Identifier <a href="https://shs.cairn.info/sociologie-d-un-syndicalisme-categoriel--9782200280598?lang=fr&redirect-ssocas=7080">https://shs.cairn.info/sociologie-d-un-syndicalisme-categoriel--9782200280598?lang=fr&redirect-ssocas=7080</a>

Pas d'exemplaire disponible.

PLUDOC

PLUDOC est la plateforme unique et centralisée de gestion des bibliothèques physiques et numériques de Guinée administré par le CEDUST. Elle est la plus grande base de données de ressources documentaires pour les Étudiants, Enseignants chercheurs et Chercheurs de Guinée.

Adresse

627 919 101/664 919 101

25 boulevard du commerce
Kaloum, Conakry, Guinée

Réseaux sociaux

Powered by Netsen Group @ 2025